| 000 | 00467cam a2200181ua 4500 | ||
|---|---|---|---|
| 020 | _c80.00 | ||
| 041 |
_aeng _h |
||
| 082 |
_a028.73631 _bBAL/DI |
||
| 100 | _aBalvir, Varma . | ||
| 245 |
_aDictionary of soil and water conservation / _cBalvir varma. _hTextual Documents |
||
| 250 |
_a1 / _b. |
||
| 260 |
_aDelhi : _bMetropolitan book co. Pvt Ltd , _c1984. |
||
| 300 | _a118 ; . | ||
| 365 | _a80.00 | ||
| 504 | _a | ||
| 942 | _cBK | ||
| 999 |
_c10897 _d10897 |
||